<?xml version="1.0" encoding="UTF-8"?><?xml-stylesheet type="text/xsl" href="static/style.xsl"?><OAI-PMH xmlns="http://www.openarchives.org/OAI/2.0/" xmlns:xsi="http://www.w3.org/2001/XMLSchema-instance" xsi:schemaLocation="http://www.openarchives.org/OAI/2.0/ http://www.openarchives.org/OAI/2.0/OAI-PMH.xsd"><responseDate>2026-06-30T02:01:35Z</responseDate><request verb="GetRecord" identifier="oai:repisalud.isciii.es:20.500.12105/10412" metadataPrefix="marc">https://repisalud.isciii.es/rest/oai/request</request><GetRecord><record><header><identifier>oai:repisalud.isciii.es:20.500.12105/10412</identifier><datestamp>2024-05-21T11:02:19Z</datestamp><setSpec>com_20.500.12105_2203</setSpec><setSpec>com_20.500.12105_2202</setSpec><setSpec>col_20.500.12105_19505</setSpec><setSpec>col_20.500.12105_19585</setSpec></header><metadata><record xmlns="http://www.loc.gov/MARC21/slim" xmlns:dcterms="http://purl.org/dc/terms/" xmlns:doc="http://www.lyncode.com/xoai" xmlns:xsi="http://www.w3.org/2001/XMLSchema-instance" xsi:schemaLocation="http://www.loc.gov/MARC21/slim http://www.loc.gov/standards/marcxml/schema/MARC21slim.xsd">
   <leader>00925njm 22002777a 4500</leader>
   <datafield ind2=" " ind1=" " tag="042">
      <subfield code="a">dc</subfield>
   </datafield>
   <datafield ind2=" " ind1=" " tag="720">
      <subfield code="a">Instituto de Salud Carlos III. Centro Nacional de Epidemiología</subfield>
      <subfield code="e">author</subfield>
   </datafield>
   <datafield ind2=" " ind1=" " tag="260">
      <subfield code="c">2011-12-10</subfield>
   </datafield>
   <datafield ind2=" " ind1=" " tag="520">
      <subfield code="a">En la semana 49/2011 la tasa global de incidencia de gripe es de 16,01 casos por 100.000 habitantes. Se han enviado 33 muestras centinela para confirmación virológica, sin que se haya producido ninguna detección de virus gripales. Desde el inicio de la temporada, el 80% de las detecciones virales corresponden a virus de la gripe A (91% AH3N2 y 9% A(H1N1)pdm09, entre los subtipados) y el 20% a virus B. La tasa de detección de VRS aumenta de 21% en la semana previa a 43% en la presente semana. En la semana 49/2011 no se ha notificado ningún caso grave hospitalizado confirmado de gripe.  En Europa, desde la semana 40/2011, se han identificado 18 casos graves confirmados de gripe, 16 de virus tipo A (9 A(H1N1)pdm09, entre los subtipados) y 2 de virus de la gripe B.  La actividad gripal permanece baja en las regiones templadas del hemisferio Norte, mientras que en los países templados del hemisferio sur ha vuelto a niveles intertemporada.</subfield>
   </datafield>
   <datafield ind1="8" ind2=" " tag="024">
      <subfield code="a">http://hdl.handle.net/20.500.12105/10412</subfield>
   </datafield>
   <datafield tag="653" ind2=" " ind1=" ">
      <subfield code="a">Gripe</subfield>
   </datafield>
   <datafield tag="653" ind2=" " ind1=" ">
      <subfield code="a">Vigilancia Epidemiológica</subfield>
   </datafield>
   <datafield ind2="0" ind1="0" tag="245">
      <subfield code="a">Informe semanal de Vigilancia de la Gripe en España   Semana 49/2011 (4 - 10 de diciembre  2011)  Nº 287.  15 de diciembre de 2011</subfield>
   </datafield>
</record></metadata></record></GetRecord></OAI-PMH>